LEADER 01231nam a2200277 i 4500 001 000000190351 003 CaOOAMICUS 005 20181024165637.0 008 100609n it u000 u ita u 013 $a168745 020 $a978-88-15-13155-3 040 $aSeMil$bita 100 1 $aDalla Zuanna, Gianpiero,$d<1960- >.$0(OLS)http://semarc/name/47827 245 10$aNuovi italiani :$bI giovani immigrati cambieranno il nostro paese? /$cGianpiero Dalla Zuanna ; Patrizia Farina ; Salvatore Strozza. 300 $a170 p. :$btabelle ;$c21 cm. 490 0 $aContemporanea ;$v189 500 $aContiene : Appendice ; Riferimenti bibliografici. 650 4$aImmigrati - Italia.$0(OLS)http://semarc/subject/25102 700 1 $aStrozza, Salvatore.$0(OLS)http://semarc/name/69606 700 1 $aFarina, Patrizia.$0(OLS)http://semarc/name/69605 830 0$aContemporanea ;$v189.$0(OLS)http://semarc/title/1948 850 $aSeMil 852 $aSeMil$W1$xVenegono$y1$m3W II 42$j212744$B140970$CSeMilBibl$Z2$F152749 $81 996 $6020$a978-88-15-13155-3$9(OLS)http://semarc/number/285458 996 $6245$aNuovi italiani :$bI giovani immigrati cambieranno il nostro paese?$9(OLS)http://semarc/title/274223 LEADER 01459nam a2200313 i 4500 001 000000157449 003 CaOOAMICUS 005 20160316000000.0 008 160316s2003 it u000 u ita u 013 $a134805 020 $a88-452-0104-X 040 $aSeMil$bita 100 1 $aMaximus : Confessor,$c.$0(OLS)http://semarc/name/1110 240 10$aAmbigua.$0(OLS)http://semarc/title/230887 245 10$aAmbigua :$bproblemi metafisici e teologici su testi di Gregorio di Nazianzo e Dionigi Areopagita /$cMassimo il Confessore. 260 $aMilano :$bBompiani,$c2003. 300 $a735 p. ;$c22 cm. 490 0 $aIl pensiero occidentale 600 04$aGregorio : Nazianzeno .$0(OLS)http://semarc/subject/484 600 04$aDionigi : Areopagita .$0(OLS)http://semarc/subject/44707 830 0$aBompiani Il pensiero occidentale.$0(OLS)http://semarc/title/10111 850 $aSeMil 852 $aSeMil$W1$xVenegono$y1$m2OA III 403$j109134$B109134$CSeMilBibl$Z2$F118675 $81 900 0 $aMassimo : il Confessore$c. 961 $aAcquisto: Àncora (Libreria) 996 $6020$a88-452-0104-X$9(OLS)http://semarc/number/147752 996 $6245$aAmbigua :$bproblemi metafisici e teologici su testi di Gregorio di Nazianzo e Dionigi Areopagita$9(OLS)http://semarc/title/230886 996 $6260$aMilano :$bBompiani$9(OLS)http://semarc/publisher/29706